Guess The Religion Of The Country #1 - Statistics

General Stats
  • This quiz has been taken 61 times
  • The average score is 12 of 15
Answer Stats
Question Answer % Correct
United States is... Christian
100%
Russia is... Christian
100%
Turkey is... Muslim
100%
North Korea is... Atheist
91%
Vietnam is... Buddhist
91%
Colombia is... Christian
91%
India is... Hindu
91%
Albania is... Muslim
91%
Japan is... Shintoism
91%
Comoros is... Muslim
73%
Ethiopia is... Christian
64%
Kazakhstan is... Muslim
64%
Czechia (or Czech Republic) is... Atheist
45%
Haiti is... Christian
45%
China is... Atheist
36%
No matching quizzes found
Score Distribution
Percent of People with Each Score
Percentile by Number Answered
Your Score History
You have not taken this quiz